000 01017nam a2200289 a 4500
001 000031309
003 DO-SdBNP
005 20250607073643.0
007 ta
008 110617s2005 dr ad 000 0 spa d
020 _a9275324115
040 _aDO-SdBNP
_bspa
_cBNPHU
041 _hspa
082 4 _a616.9
_bG943c
_222
245 0 _aGuía clínica para el tratamiento de las enfermedades infecciosas en República Dominicana.
_bcolaboradores Virgen Gómez Alba ... [et al.]
260 _aSanto Domingo :
_bSESPAS :
_bOPS,
_c2005.
300 _a183 p. ;
_c18 cm
504 _aBibliografía : p. 185
590 _aInventariado,2018/DG
650 4 _aInfecciones
_957759
650 4 _aInfecciones
_957760
_xTratamiento
650 4 _aResistencia a las drogas
_957761
710 1 _aRepública Dominicana.
_b Secretaria de Estado de Salud Pública y Asistencia Social (2001)
_956549
710 2 _aOrganización Panamericana de la Salud
_91055
910 _aValidado. Control de calidad MFF
942 _2ddc
_cLBS1
999 _c30801
_d30801